Три ветра: книга лирики

Bibliografiske detaljer
Hovedforfatter: Михалков С. В. Сергей Владимирович
Andre forfattere: Александров В. (автор послесловия), Носков В. (иллюстратор)
Sprog:russisk
Udgivet: Москва, Современник, 1985
Fag:
Format: MixedMaterials Bog
KOHA link:https://koha.lib.tpu.ru/cgi-bin/koha/opac-detail.pl?biblionumber=165242

MARC

LEADER 00000nam0a2200000 4500
001 165242
005 20231031161655.0
020 |a RU  |b 85-69379 
035 |a (RuTPU)RU\TPU\book\179260 
090 |a 165242 
100 |a 20090916d1985 m y0rusy5003 ca 
101 0 |a rus 
102 |a RU 
105 |a a z 000gy 
200 1 |a Три ветра  |e книга лирики  |f С. В. Михалков  |g авт. послесл. и сост. В. Александров ; худож. В. Носков 
210 |a Москва  |c Современник  |d 1985 
215 |a 125 с.  |c цв. ил.  |d 16 см 
610 1 |a поэзия 
610 1 |a стихи 
675 |a Р2  |z rus 
700 1 |a Михалков  |b С. В.  |g Сергей Владимирович  |4 070 
702 1 |a Александров  |b В.  |4 075 
702 1 |a Носков  |b В.  |4 440 
801 0 |a RU  |b RuMRKP  |c 19950704  |g psbo 
801 1 |a RU  |b 63413507  |c 20090916 
801 2 |a RU  |b 63413507  |c 20090916  |g RCR 
942 |c BK